| 000 | 00933cam a2200277 a 4500 | ||
|---|---|---|---|
| 001 | 000005478 | ||
| 005 | 20200929151705.0 | ||
| 008 | 980326s2000 sp a b 000 f spa | ||
| 020 | _a8437615178 | ||
| 040 |
_aDO-SdBNP _bspa _cBNPHU |
||
| 082 |
_aG863.4 _bA859s, 2000 |
||
| 100 | 1 |
_aAsturias, Miguel Ángel, _d1899-1974 _95391 |
|
| 245 | 1 | 3 |
_aEl señor presidente / _cMiguel Ángel Asturias ; edición de Alejandro Lanoël-d'Aussenac. |
| 250 | _a3a ed. | ||
| 260 |
_aMadrid : _bCátedra, _c2000. |
||
| 300 |
_a428 p. : _bil. ; _c18 cm. |
||
| 490 | 1 |
_aLetras hispánicas _v423 |
|
| 504 | _aIncluye referencias bibliográficas (p. 99-110). | ||
| 600 | 1 | 4 |
_aASTURIAS, MIGUEL ÁNGEL, _d1899-1974 _95391 |
| 650 | 4 |
_aNovela guatemalteca _95392 |
|
| 650 | 4 |
_aLiteratura guatemalteca _95393 |
|
| 700 | 1 |
_aLanoël, Alejandro, _eed. _915549 |
|
| 830 | 0 |
_aLetras hispánicas ; _v423 _94208 |
|
| 910 | _aCatalogación derivada | ||
| 910 | _aWM | ||
| 999 |
_c5277 _d5277 |
||